000 00452nam a2200145Ia 4500
008 151021s9999 xx 000 0 und d
020 _a471790109
050 _aHD 302 .R627 2006
245 _a_Lessons in Grid Computing The System is a Mirror / Stuart Robbins
260 _aCanada : John &Wiley, 2006
300 _axviii,363 p.
500 _aIncludes index
650 _a_Information Technology -Management
980 _a^d20120112 01:07:47^oanne
999 _c8388
_d8388